02116nam a2200277 a 4500001001000000005001700010008004100027041000800068044000800076084002000084100004500104245011000149260003400259300002200293500034300315500076400658500005001422500004501472500000901517650005201526650005601578650005201634650004501686700005701731740005001788BRCA_241020190320203809.0121108s1738----enka---###---#000-0dspa-u aspa aenk a051b.T66c17381 aCervantes Saavedra, Miguel ded1547-161610aVida y hechos del Ingenioso Hidalgo Don Quixote de la Manchaccompuesto por Miguel de Cervantes Saavedra. aLondresbJ. y R. Tonsonc1738 a4 v.bil.c30 cm. aContenido : v 1. Primera parte. Dedicatoria a la Condesa de Montijo. Advertencia de D. Juan Oldfield. Vida de Cervantes por Gregorio Mayáns I Siscar. Dedicatoria de éste a Lord Carteret. Indice de la vida. Prólogo del autor. Versos preliminares. Texto. -- v 2. Texto. -- v 3. Segunda parte. Prólogo del autor. Texto. -- v 4. Texto aPrimera edición en español, impresa en Inglaterra, y publicada por iniciativa y a costa del Lord Carteret, gran hispanófilo, y primera de lujo en general. Contiene de la vida de Cervantes, escrita por su primer biógrafo, el español Gregorio Mayáns y Siscar. Profusamente ilustrada con excelentes láminas de J. Vanderbank, esta magnífica edición va provista del primer retrato de Cervantes dibujado por G. Kent, basado en la descripción que aquél hizo de sí mismo en el prólogo a sus Novelas Ejemplares. La parte tipográfica es de exquisito gusto y en papel superior. Encuadernada en piel; cantos, cortes y filetes dorados. Es un bellísimo ejemplar que por su rareza honra a esta expléndida colección quijotil Lúdovik Osterc aEstado físico : Lomo y cubierta desprendida aConn ex-libris de : Francis Bayard Rives aQM3714aNovela españolayÉpoca clásica, 1500-170014aLiteratura españolayÉpoca clásica, 1500-170014aNovela españolayÉpoca clásica, 1500-170014aDon Quijote (Personaje ficticio)eNovela1 aMayáns I Síscar, Gregoriod1699-1781eBiógrafo0 aEl Ingenioso Hidalgo Don Quijote de la Mancha